The Space - Statistics

General Stats
  • This quiz has been taken 11 times
  • The average score is 5 of 13
Answer Stats
Hint Answer % Correct
How many men have walked on the Moon? 12
88%
NASA Coded name for sending manned to the Moon? Apollo
88%
First satellite in space? Sputnik
88%
First American to Orbit Earth's? John Glenn
63%
What is Nasa Shorten from? National Aeronautic Space Administrations
50%
When did Neil Armstrong died? 2012
38%
NASA Coded name for sending first manned spaceflight? Mercury
38%
Space Probe to Saturn?(The grand Finale) Cassini
13%
Who plotted Nasa first manned spaceflight? Katherine Jonhson
13%
First Living things in space? Fruit Fly
0%
Where is Voyager 2? Helioshealth
0%
Where is Voyager 1? Interstellar
0%
Name for Soviet Space organisation? USSR
0%
No matching quizzes found
Score Distribution
Percent of People with Each Score
Percentile by Number Answered
Your Score History
You have not taken this quiz